000 00323nam a2200121Ia 4500
008 151213s9999 xx 000 0 und d
245 _aBangladesh National Bibliography - 2006
260 _aDhaka
_bBangladesh National University
_c2006
300 _a4498 p.
650 _aBibliography
650 _aReference
999 _c2873
_d2873